[Event "ch-Serbia"]
[Site "Dimitrovgrad"]
[Date "2003.03.08"]
[Round "9"]
[White "Ristic, Nebojsa"]
[Black "Nestorovic, Dejan"]
[Result "1-0"]
[WhiteElo "2382"]
[BlackElo "2397"]
[PlyCount "35"]
[EventDate "2003.02.28"]
[Source "Roberto Alvarez"]
[SourceDate "2003.04.07"]

1. d4 Nf6 2. Nf3 g6 3. c4 Bg7 4. g3 O-O 5. Bg2 d5 6. cxd5 Nxd5 7. O-O c5 8. e4 Nf6 9. e5 Nd5 10. dxc5 e6 11. Bd2 Nd7 12. Nc3 Nxe5 13. Nxe5 Bxe5 14. Nxd5 exd5 15. Bh6 Re8 16. Bxd5 Qf6 17. Re1 Rd8 18. Rxe5 1-0

[Event "RUS-ch sf"]
[Site "Orsk"]
[Date "2000.??.??"]
[Round "6"]
[White "Bocharov, Dmitry"]
[Black "Davydov, Sergey P"]
[Result "1-0"]
[WhiteElo "2475"]
[BlackElo "2303"]
[PlyCount "83"]
[EventDate "2000.??.??"]
[Source "www.chesslib.no"]
[SourceDate "2004.05.04"]

1. d4 Nf6 2. Nf3 g6 3. c4 Bg7 4. g3 d5 5. cxd5 Nxd5 6. Bg2 O-O 7. O-O Na6 8. e4 Nb6 9. h3 c5 10. d5 e6 11. Nc3 exd5 12. exd5 Nb4 13. Bg5 f6 14. Be3 Na6 15. Nd2 f5 16. Qb3 Kh8 17. a4 g5 18. f4 Re8 19. Bf2 gxf4 20. gxf4 Qd6 21. a5 Nd7 22. Rae1 Rxe1 23. Rxe1 Qxf4 24. Re8+ Nf8 25. Be3 Bd4 26. Nf1 Nc7 27. Rxf8+ Kg7 28. Ne2 Bxe3+ 29. Nxe3 Qe5 30. Rd8 f4 31. d6 Be6 32. Qc3 Qxc3 33. Nxc3 Rxd8 34. dxc7 Rc8 35. Ned5 Rf8 36. Bf3 Bxh3 37. Nb5 Bd7 38. Nxa7 Re8 39. Nb6 Bf5 40. c8=Q Bxc8 41. Naxc8 Re1+ 42. Kf2 1-0

[Event "Parthenay Open"]
[Site "Parthenay FRA"]
[Date "1992.??.??"]
[Round "3"]
[White "Ortega, Lexy"]
[Black "Salaun, Yann"]
[Result "1/2-1/2"]
[WhiteElo "2435"]
[BlackElo "2335"]
[PlyCount "111"]
[EventDate "1992.07.??"]
[Source "www.chesslib.no"]
[SourceDate "2004.05.04"]

1. d4 Nf6 2. Nf3 g6 3. c4 Bg7 4. g3 O-O 5. Bg2 d5 6. cxd5 Nxd5 7. O-O Nc6 8. e4 Nb6 9. d5 Ne5 10. Nxe5 Bxe5 11. Nc3 Bg7 12. a4 c6 13. a5 Nc4 14. Qa4 Ne5 15. Be3 cxd5 16. exd5 Bg4 17. h3 Bf3 18. Bxf3 Nxf3+ 19. Kg2 Bxc3 20. Kxf3 Qxd5+ 21. Qe4 Qxe4+ 22. Kxe4 Bxb2 23. Rab1 Bc3 24. Rxb7 Bxa5 25. Bxa7 e6 26. Rd1 Rfd8 27. Rxd8+ Rxd8 28. Rb8 Rxb8 29. Bxb8 Bb6 30. f4 f5+ 31. Kf3 Kf7 32. Be5 Ke8 33. g4 Kd7 34. gxf5 exf5 35. Bg7 Ke6 36. Bc3 Kd5 37. Be1 Kc4 38. Bd2 Kd3 39. Be1 Be3 40. Ba5 Bd2 41. Bb6 Kc2 42. Bc5 Kd1 43. Bf2 Be1 44. Bc5 Bh4 45. Bb4 Bf6 46. Ba5 Bd4 47. Bb4 Kc2 48. Ke2 Bg1 49. Ba5 Bh2 50. Bd2 Bg3 51. Be3 Kc3 52. Bd2+ Kd4 53. Kf3 Kd3 54. Bb4 Bh4 55. Ba5 Bf6 56. Be1 1/2-1/2

[Event "Bucharest-B"]
[Site "Bucharest ROM"]
[Date "1992.??.??"]
[Round "?"]
[White "Itkis, Boris"]
[Black "Pasarelu, Dan"]
[Result "1-0"]
[WhiteElo "2450"]
[BlackElo "2305"]
[PlyCount "62"]
[EventDate "1992.??.??"]
[Source "www.chesslib.no"]
[SourceDate "2004.05.04"]

1. d4 Nf6 2. Nf3 g6 3. c4 Bg7 4. g3 O-O 5. Bg2 d5 6. cxd5 Nxd5 7. O-O Nc6 8. Nc3 Be6 9. e4 Nxc3 10. bxc3 Bc4 11. Re1 e5 12. d5 Ne7 13. Nd2 Ba6 14. c4 Re8 15. c5 Qd7 16. a4 Rad8 17. Qb3 Nc8 18. Nc4 c6 19. Bg5 f6 20. Be3 Qf7 21. Rab1 Rd7 22. Na5 cxd5 23. exd5 f5 24. c6 bxc6 25. dxc6 Rdd8 26. Qxf7+ Kxf7 27. Nb7 Bxb7 28. cxb7 Nb6 29. a5 Nd7 30. Bc6 Ke6 31. Bxd7+ Kxd7 1-0

[Event "US-ch U20"]
[Site "New York"]
[Date "1998.??.??"]
[Round "2"]
[White "Ippolito, Dean"]
[Black "Shahade, Gregory"]
[Result "1/2-1/2"]
[WhiteElo "2435"]
[BlackElo "2320"]
[PlyCount "37"]
[EventDate "1998.07.??"]
[Source "www.chesslib.no"]
[SourceDate "2004.05.04"]

1. d4 Nf6 2. c4 g6 3. Nf3 Bg7 4. g3 d5 5. cxd5 Nxd5 6. Bg2 O-O 7. O-O Nc6 8. e4 Nb6 9. d5 Na5 10. Qe1 Nac4 11. Nc3 c6 12. b3 Ne5 13. Nxe5 Bxe5 14. Bh6 Re8 15. Rd1 Qd6 16. Qe3 Qb4 17. Ne2 cxd5 18. exd5 Bf6 19. Rc1 1/2-1/2

[Event "BL2-Nord 0001"]
[Site "Germany"]
[Date "2001.02.18"]
[Round "6.5"]
[White "Jasnikowski, Zbigniew"]
[Black "Vogel, Robert"]
[Result "1/2-1/2"]
[WhiteElo "2451"]
[BlackElo "2297"]
[PlyCount "76"]
[EventDate "2000.10.15"]
[Source "ChessBase"]
[SourceDate "2001.07.03"]

1. d4 Nf6 2. c4 g6 3. Nf3 Bg7 4. g3 O-O 5. Bg2 d5 6. cxd5 Nxd5 7. O-O Nc6 8. e4 Nb6 9. d5 Na5 10. Qe1 Nac4 11. Nc3 c6 12. b3 Nd6 13. e5 Nf5 14. dxc6 bxc6 15. Qe4 Be6 16. Rd1 Bd5 17. Nxd5 cxd5 18. Qd3 Rc8 19. Bb2 e6 20. Nd4 Nxd4 21. Bxd4 Qc7 22. Qe3 Qb7 23. a4 Rc7 24. a5 Nd7 25. Rdb1 Rfc8 26. b4 Rc4 27. f4 a6 28. b5 axb5 29. a6 Qc6 30. Bf1 Bf8 31. Bxc4 dxc4 32. a7 b4 33. Qe2 c3 34. Qg2 Qc4 35. Bxc3 bxc3 36. a8=Q Rxa8 37. Rxa8 Kg7 38. Kh1 Qc5 1/2-1/2

[Event "Najdorf op"]
[Site "Buenos Aires"]
[Date "2002.09.28"]
[Round "6.4"]
[White "Valerga, Diego"]
[Black "Pedro, Fernando"]
[Result "1-0"]
[WhiteElo "2487"]
[BlackElo "2259"]
[PlyCount "65"]
[EventDate "2002.09.23"]
[Source "ChessBase"]
[SourceDate "2002.11.06"]

1. g3 d5 2. Bg2 Nf6 3. Nf3 g6 4. O-O Bg7 5. c4 c6 6. cxd5 Nxd5 7. d4 O-O 8. Nc3 Nb6 9. Qc2 h6 10. Rd1 Be6 11. h4 Bf5 12. e4 Bg4 13. Rd3 N8d7 14. Bf4 Nf6 15. Ne5 Be6 16. Re1 Nh5 17. Be3 Nc4 18. Nxc4 Bxc4 19. Rdd1 Be6 20. e5 Qc8 21. Kh2 Kh7 22. f3 f5 23. f4 Rd8 24. Qe2 Bf8 25. d5 cxd5 26. Nxd5 Bxd5 27. Bxd5 e6 28. Bf3 Rxd1 29. Rxd1 Ng7 30. Qb5 a6 31. Qxb7 Rb8 32. Qxc8 Rxc8 33. Bb7 1-0

[Event "Wch U14"]
[Site "Oropesa del Mar"]
[Date "2000.10.23"]
[Round "11"]
[White "Harikrishna, Penteala"]
[Black "Baramidze, David"]
[Result "1/2-1/2"]
[WhiteElo "2500"]
[BlackElo "2242"]
[PlyCount "86"]
[EventDate "2000.10.11"]
[Source "www.chesslib.no"]
[SourceDate "2004.05.04"]

1. d4 Nf6 2. c4 g6 3. g3 Bg7 4. Bg2 d5 5. cxd5 Nxd5 6. Nf3 O-O 7. O-O Na6 8. Nc3 Nb6 9. e4 Bg4 10. d5 Qd7 11. Qe2 Rfd8 12. Be3 Na4 13. Rac1 N6c5 14. Qc2 Nxc3 15. bxc3 Qb5 16. c4 Qa5 17. Rb1 c6 18. Nd2 b6 19. Nb3 Nxb3 20. axb3 cxd5 21. exd5 Rac8 22. Qd2 Qxd2 23. Bxd2 e6 24. Rbc1 exd5 25. Bxd5 Rd7 26. Be3 Be6 27. Bxe6 fxe6 28. Rfd1 Rcd8 29. Rxd7 Rxd7 30. Kf1 Kf7 31. Ke2 e5 32. f3 Ke6 33. b4 Bf8 34. Rb1 Rc7 35. Kd3 Rf7 36. c5 bxc5 37. bxc5 Kd5 38. Rb8 Rxf3 39. Rd8+ Kc6 40. Ke4 Rf7 41. Rc8+ Kd7 42. Ra8 Kc6 43. Re8 a5 1/2-1/2

[Event "Cappelle op"]
[Site "Cappelle la Grande"]
[Date "1997.??.??"]
[Round "1"]
[White "Komljenovic, Davor"]
[Black "Lerch, Patrice"]
[Result "1-0"]
[WhiteElo "2460"]
[BlackElo "2275"]
[PlyCount "52"]
[EventDate "1997.02.15"]
[Source "ChessBase"]

1. d4 Nf6 2. c4 g6 3. Nf3 Bg7 4. g3 O-O 5. Bg2 d5 6. cxd5 Nxd5 7. O-O Nc6 8. e4 Nb6 9. d5 Nb8 10. Nc3 c6 11. Qb3 e6 12. Bg5 Qd6 13. e5 Bxe5 14. Ne4 Qxd5 15. Nxe5 Qxe5 16. Rfe1 Qg7 17. Nf6+ Kh8 18. Qb4 h5 19. Qh4 Rd8 20. Ne4 N8d7 21. Bxd8 Nd5 22. Ba5 f6 23. Rad1 b6 24. Bc3 e5 25. Rxd5 cxd5 26. Nxf6 Qe7 1-0

[Event "Teresa Herrera op 11th"]
[Site "Corunha"]
[Date "2000.07.19"]
[Round "3"]
[White "Suba, Mihai"]
[Black "Timon Piote, Silvia"]
[Result "1-0"]
[WhiteElo "2487"]
[BlackElo "2248"]
[PlyCount "47"]
[EventDate "2000.07.17"]
[Source "www.chesslib.no"]
[SourceDate "2004.05.04"]

1. Nf3 Nf6 2. c4 g6 3. g3 Bg7 4. Bg2 O-O 5. O-O d5 6. cxd5 Nxd5 7. d4 Nc6 8. e4 Nb6 9. d5 Ne5 10. Nxe5 Bxe5 11. f4 Bg7 12. e5 e6 13. dxe6 Bxe6 14. Bxb7 Rb8 15. Bf3 Nc4 16. Qe2 Qd4+ 17. Rf2 Rfd8 18. Nc3 Bf8 19. Ne4 Bf5 20. Kg2 Bxe4 21. Qxe4 Bc5 22. Rc2 Nxb2 23. Bxb2 Rxb2 24. Rd1 1-0

[Event "Budva"]
[Site "?"]
[Date "2003.09.13"]
[Round "1"]
[White "Wojtaszek Radoslaw"]
[Black "Pedersen Christian Kyndel"]
[Result "1-0"]
[WhiteElo "2462"]
[BlackElo "2271"]
[PlyCount "63"]
[EventDate "2003.??.??"]
[Source "www.chesslib.no"]
[SourceDate "2004.05.04"]

1. d4 Nf6 2. c4 g6 3. Nf3 Bg7 4. g3 O-O 5. Bg2 d5 6. cxd5 Nxd5 7. O-O Nc6 8. e4 Nb6 9. d5 Na5 10. Qe1 Nac4 11. Nc3 e5 12. b3 Nd6 13. a4 a5 14. Ba3 f5 15. exf5 e4 16. Nxe4 Bxa1 17. Nxd6 cxd6 18. Qxa1 Bxf5 19. Qd4 Nd7 20. Bxd6 Re8 21. Ba3 Qb6 22. d6 Rac8 23. Qh4 Qxb3 24. Ng5 Nf6 25. Qd4 Rf8 26. d7 Bxd7 27. Be7 h6 28. Bxf6 Bc6 29. Bh8 Rc7 30. Bxc6 bxc6 31. Be5 Re7 32. Qd6 1-0

[Event "BCF Ch"]
[Site "Brighton ENG"]
[Date "1972.08.24"]
[Round "10"]
[White "Williams, Arthur H"]
[Black "Littlewood, John E"]
[Result "1-0"]
[WhiteElo "2390"]
[BlackElo "2340"]
[PlyCount "55"]
[EventDate "1972.08.14"]
[Source "www.chesslib.no"]
[SourceDate "2004.05.04"]

1. Nf3 Nf6 2. g3 g6 3. c4 Bg7 4. d4 O-O 5. Bg2 d5 6. cxd5 Nxd5 7. O-O Na6 8. Nc3 c5 9. Nxd5 Qxd5 10. Be3 Rd8 11. dxc5 Be6 12. Qc1 Qh5 13. Rd1 Bd5 14. Rd2 Bc6 15. Qc4 Rxd2 16. Nxd2 Bxg2 17. Kxg2 Rc8 18. Rb1 Nc7 19. f3 Nd5 20. Bf2 Bh6 21. Ne4 Be3 22. Rd1 Nb6 23. Qb4 Bxf2 24. cxb6 Bxb6 25. Qxe7 Qa5 26. Rd7 Qxa2 27. Nf6+ Kh8 28. Qe5 1-0

[Event "Moscow RUS"]
[Site "Moscow RUS"]
[Date "1993.??.??"]
[Round "?"]
[White "Kastanieda, Georgiy"]
[Black "Yuferov, Sergey N"]
[Result "0-1"]
[WhiteElo "2315"]
[BlackElo "2415"]
[PlyCount "54"]
[EventDate "1993.??.??"]
[Source "www.chesslib.no"]
[SourceDate "2004.05.04"]

1. d4 Nf6 2. Nf3 g6 3. c4 Bg7 4. g3 O-O 5. Bg2 d5 6. cxd5 Nxd5 7. O-O c5 8. e4 Nf6 9. e5 Nd5 10. dxc5 Na6 11. Qe2 Nxc5 12. Rd1 e6 13. Nc3 Nxc3 14. bxc3 Qa5 15. Bg5 Bd7 16. Be7 Ba4 17. Rd4 Rfc8 18. Qe3 Be8 19. Rad1 Na4 20. Bb4 Qc7 21. c4 Nc5 22. Rh4 a5 23. Ba3 Rab8 24. Re1 b6 25. Nd4 Rd8 26. g4 Qxe5 27. Qxe5 Bxe5 0-1

[Event "Holger Blomstrand's op"]
[Site "Goeteborg"]
[Date "1997.08.10"]
[Round "2"]
[White "Hiebel, Johannes"]
[Black "Pribyl, Josef"]
[Result "1/2-1/2"]
[WhiteElo "2300"]
[BlackElo "2430"]
[PlyCount "113"]
[EventDate "1997.08.09"]
[Source "www.chesslib.no"]
[SourceDate "2004.05.04"]

1. d4 Nf6 2. Nf3 g6 3. g3 Bg7 4. Bg2 O-O 5. c4 d5 6. cxd5 Nxd5 7. O-O Nc6 8. Nc3 Nxc3 9. bxc3 e5 10. d5 Na5 11. e4 c6 12. Nd2 cxd5 13. exd5 Re8 14. Re1 Bd7 15. c4 Rc8 16. Bf1 h5 17. Ba3 b6 18. Rc1 Bh6 19. Rc3 f5 20. Bb4 Nb7 21. Nf3 a5 22. Ba3 Qf6 23. Bc1 e4 24. Nd4 Bxc1 25. Rxc1 Nc5 26. Qd2 Nd3 27. Qe3 Nxe1 28. Rxe1 h4 29. Rb1 hxg3 30. hxg3 Rb8 31. Ne2 Kf7 32. Nf4 Rh8 33. Nh3 Kg7 34. Bg2 a4 35. a3 Rhc8 36. Bf1 Rh8 37. Bg2 Be8 38. g4 Bd7 39. g5 Qd6 40. Nf4 Rh4 41. Qc3+ Kg8 42. Nxg6 Qh2+ 43. Kf1 Rg4 44. Bh3 Qh1+ 45. Ke2 Qf3+ 46. Qxf3 exf3+ 47. Kd3 Rxg5 48. Ne5 Be8 49. c5 Rd8 50. cxb6 Rxd5+ 51. Ke3 Rg7 52. b7 Rxe5+ 53. Kf4 Re4+ 54. Kxf5 Bg6+ 55. Kf6 Rf4+ 56. Ke5 Re4+ 57. Kf6 1/2-1/2

[Event "Baden/Wuert-NordD"]
[Site "GER"]
[Date "1987.??.??"]
[Round "2"]
[White "Paulsen, Dirk"]
[Black "Vogel, Robert"]
[Result "1-0"]
[WhiteElo "2340"]
[BlackElo "2385"]
[PlyCount "99"]
[EventDate "1987.??.??"]
[Source "www.chesslib.no"]
[SourceDate "2004.05.04"]

1. d4 Nf6 2. c4 g6 3. g3 Bg7 4. Bg2 d5 5. cxd5 Nxd5 6. Nf3 O-O 7. O-O Nc6 8. b3 Nb6 9. Bb2 Bg4 10. Nbd2 Qd7 11. e3 Rad8 12. Qc2 Bh3 13. Rfd1 Bxg2 14. Kxg2 Rfe8 15. Nc4 Nxc4 16. bxc4 e6 17. e4 Na5 18. Rac1 Qc6 19. d5 exd5 20. Bxg7 Kxg7 21. Qc3+ Kg8 22. Qxa5 dxe4 23. Ne5 Qe6 24. Rxd8 Rxd8 25. Qxc7 Rd2 26. Re1 Qf5 27. Rf1 e3 28. Nf3 Qe4 29. Qb8+ Kg7 30. Qe5+ Qxe5 31. Nxe5 h5 32. a3 Kf6 33. Nf3 Ra2 34. Nd4 Ke5 35. Nb5 a6 36. Nc7 Kd4 37. Nd5 e2 38. Re1 Kxc4 39. Nf4 Rxa3 40. Rxe2 g5 41. Re4+ Kc5 42. Re5+ Kc6 43. Rxg5 b5 44. Rxh5 b4 45. Rh8 b3 46. h4 Kb7 47. Nd3 Ra5 48. h5 Rd5 49. Nb2 Rd2 50. Nc4 1-0

[Event "Nice ol (Men)"]
[Site "Nice FRA"]
[Date "1974.??.??"]
[Round "13"]
[White "Gereben, Erno"]
[Black "Seret, Jean-Luc"]
[Result "1/2-1/2"]
[WhiteElo "2320"]
[BlackElo "2400"]
[PlyCount "27"]
[EventDate "1974.06.06"]
[Source "www.chesslib.no"]
[SourceDate "2004.05.04"]

1. d4 Nf6 2. c4 g6 3. g3 Bg7 4. Bg2 d5 5. cxd5 Nxd5 6. Nf3 O-O 7. O-O Na6 8. Nc3 c5 9. Nxd5 Qxd5 10. Be3 cxd4 11. Bxd4 Rd8 12. Bxg7 Kxg7 13. Qc1 Nc5 14. Qc3+ 1/2-1/2

[Event "Budapest FS12 IM-A"]
[Site "Budapest"]
[Date "1997.??.??"]
[Round "5"]
[White "Izsak, Gyula"]
[Black "Zalkind, Karmi"]
[Result "1-0"]
[WhiteElo "2405"]
[BlackElo "2315"]
[PlyCount "67"]
[EventDate "1997.??.??"]
[Source "www.chesslib.no"]
[SourceDate "2004.05.04"]

1. d4 Nf6 2. Nf3 g6 3. c4 Bg7 4. g3 O-O 5. Bg2 d5 6. cxd5 Nxd5 7. O-O Nc6 8. e3 Nf6 9. Nc3 e5 10. d5 Ne7 11. e4 h6 12. Re1 Bg4 13. Qb3 c6 14. h3 Bxf3 15. Bxf3 Kh7 16. Be3 cxd5 17. Nxd5 Nfxd5 18. exd5 Qd7 19. Bc5 Rfe8 20. Rac1 f5 21. d6 Nc6 22. Bd5 Na5 23. Qa3 Nc6 24. Red1 Rac8 25. b4 a6 26. Qb3 Nd8 27. b5 axb5 28. Ba3 Rxc1 29. Rxc1 Nc6 30. Qxb5 Rc8 31. Rb1 Ra8 32. Bc5 Ra3 33. Qb6 Qd8 34. Bxc6 1-0